Statistics for Demographics of Adelaide 2021 - Language spoken at home by region

Click here to take the quiz!

General Stats

  • This quiz has been taken 23 times
  • The average score is 7 of 9

Answer Stats

Answer% Correct
Greek
95%
Mandarin
95%
Cantonese
90%
Italian
90%
Vietnamese
86%
Arabic
81%
Punjabi
62%
Nepali
29%
Gujarati
24%

Score Distribution

Percentile by Number Answered

Percent of People with Each Score

Your Score History

You have not taken this quiz